000 00954nam a2200313 a 4500
001 000023269
003 DO-SdBNP
005 20250722122336.0
007 000023269
008 150918b2008 xxu||||| 00| 0 spa d
020 _a9786034026179
040 _aBPMSU
_bspa
_cBPMSU
092 _a891.73
_bD724c, 2008
100 1 _aTolstoi, León,
_d 1828-1910
245 1 3 _aLa guerra y la paz /
_cFiodor Dostoiewski
260 _aLima, Perú:
_bBiblioteca Nacional del Perú
_c2008
300 _a190 p. ;
_c18 cm.
490 1 _aBiblioteca básica escolar
650 4 _aNOVELA RUSA
650 4 _aLITERATURA RUSA
700 1 2 _aOromí, Montserrat,
_etr.
700 1 2 _aCardona, Francesc Ll.,
_epról.
830 0 _aBiblioteca básica escolar
910 _aValidado. Control de calidad BNPHU
930 1 _lBND01
_mLF1
_h891.73
_820101201
_f04
_pHD
942 _2ddc
_cBK
945 _ainventariado, 2018 / dg
956 _aVMATEO
_b10
_c20150918
_lBPMSU
_h00151
999 _c8269
_d8269